| 000 | 00968cam a2200313 a 4500 | ||
|---|---|---|---|
| 001 | 11812804 | ||
| 003 | OSt | ||
| 005 | 20140311162957.0 | ||
| 008 | 951120s1993 enka b 001 0 eng d | ||
| 010 | _a 99495140 | ||
| 020 | _a0714825158 | ||
| 040 |
_aLPU _cLPU _dNSB _dDPL _dDLC |
||
| 042 | _alccopycat | ||
| 050 | 0 | 0 |
_aPN 2091.S8 _b.H65 1993 |
| 100 | 1 |
_aHolt, Michael, _d1944- |
|
| 245 | 1 | 0 |
_aStage design and properties / _cMichael Holt. |
| 250 | _aRev. ed. | ||
| 260 |
_aLondon : _bPhaidon, _c1993. |
||
| 300 |
_a128 p. : _bill. ; _c21 cm. |
||
| 440 | 2 | _aA Phaidon theatre manual | |
| 504 | _aIncludes bibliographical references (p. 125) and index. | ||
| 521 | _aMA | ||
| 650 | 0 |
_aTheaters _xStage-setting and scenery. |
|
| 650 | 0 | _aStage props. | |
| 906 |
_a7 _bcbc _ccopycat _d3 _encip _f19 _gy-gencatlg |
||
| 942 |
_2lcc _cBK _kFOR |
||
| 999 |
_c39083 _d39083 |
||